Hydrodynamické posúdenie a návrh optimalizácie prevádzky vodovodu v obci Lovčica - Trubín
Saved in:
| Main Author: | |
|---|---|
| Other Authors: | |
| Format: | Manuscript Book |
| Language: | Slovak |
| Published: |
2025
|
| Subjects: | |
| Online Access: | http://is.stuba.sk/zp/portal_zp.pl?podrobnosti=186668 CRZP |
| Tags: |
No Tags, Be the first to tag this record!
|
MARC
| LEADER | 00000ntm a22000003a 4500 | ||
|---|---|---|---|
| 001 | stuzp105167 | ||
| 003 | SK-STU | ||
| 005 | 20250730145202.5 | ||
| 007 | ta | ||
| 008 | 150427s2015----xo-----f-mn---000-0-slo-d | ||
| 040 | |a STU |b slo | ||
| 041 | 0 | |a slo | |
| 100 | 1 | |a Pavličko, Daniel Jakub |u 010280 |4 aut |U SvF Stavebná fakulta |T SvF Katedra zdravotného inžinierstva |X 104990 |U V280 |Y 29 |7 104990 | |
| 242 | 0 | 1 | |a Hydrodynamic assessment and design of optimization of water supply system operation in the municipality Lovčica - Trubín |y eng |
| 245 | 1 | 0 | |a Hydrodynamické posúdenie a návrh optimalizácie prevádzky vodovodu v obci Lovčica - Trubín |
| 260 | |c 2025 | ||
| 650 | 4 | |a pressures |2 eng | |
| 650 | 4 | |a optimization |2 eng | |
| 650 | 4 | |a water supply |2 eng | |
| 650 | 4 | |a optimalizácie |2 slo | |
| 650 | 4 | |a vodovod |2 slo | |
| 650 | 4 | |a tlaky |2 slo | |
| 700 | 1 | |a Hrudka, Jaroslav |u 010280 |k Z1 |4 ths |U SvF Stavebná fakulta |T SvF Katedra zdravotného inžinierstva |X 50522 |U V280 |Y 29 |7 A000050522 | |
| 856 | 4 | |u http://is.stuba.sk/zp/portal_zp.pl?podrobnosti=186668 | |
| 856 | 4 | |u https://opac.crzp.sk/?fn=detailBiblioForm&sid=226A7A544DA3649F67523EE9F6D0 |z CRZP | |